<?xml version="1.0" encoding="UTF-8"?>
<record
    xmlns:xsi="http://www.w3.org/2001/XMLSchema-instance"
    xsi:schemaLocation="http://www.loc.gov/MARC21/slim http://www.loc.gov/standards/marcxml/schema/MARC21slim.xsd"
    xmlns="http://www.loc.gov/MARC21/slim">

  <leader>00921nam a22001457a 4500</leader>
  <controlfield tag="003">NUST</controlfield>
  <controlfield tag="005">20221124120541.0</controlfield>
  <controlfield tag="008">221124b           ||||| |||| 00| 0 eng d</controlfield>
  <datafield tag="082" ind1=" " ind2=" ">
    <subfield code="a">519.4,ELI</subfield>
  </datafield>
  <datafield tag="245" ind1=" " ind2=" ">
    <subfield code="a">Linearization Models for Complex Dynamical Systems: Topics in Univalent Functions, Functional Equations and Semigroup Theory /  / </subfield>
    <subfield code="c">Mark Elin, David Shoikhet</subfield>
  </datafield>
  <datafield tag="260" ind1=" " ind2=" ">
    <subfield code="a">Switzerland</subfield>
    <subfield code="b">Springer Basal AG</subfield>
    <subfield code="c">2010</subfield>
  </datafield>
  <datafield tag="300" ind1=" " ind2=" ">
    <subfield code="a">xii, 264p.</subfield>
  </datafield>
  <datafield tag="505" ind1=" " ind2=" ">
    <subfield code="a">Geometric Background (Page-1), Dynamic Approach (Page-17), Starlike Functions with respect to a boungary point (Page-39), Apirallike Functions with respect to a boundary point (Page-63), Koenigs type starlike and spirallike functions (Page-95), Rigidity of Holomorphic mappings and commuting semigroups (Page-121), Asymptotic Behavior of one parameter semigroups (Page-153), Backward flow invariant domains for semigroups (Page-195).</subfield>
  </datafield>
  <datafield tag="942" ind1=" " ind2=" ">
    <subfield code="2">ddc</subfield>
    <subfield code="c">BK</subfield>
    <subfield code="k">519.4,ELI</subfield>
  </datafield>
  <datafield tag="999" ind1=" " ind2=" ">
    <subfield code="c">592471</subfield>
    <subfield code="d">592471</subfield>
  </datafield>
  <datafield tag="952" ind1=" " ind2=" ">
    <subfield code="0">0</subfield>
    <subfield code="1">0</subfield>
    <subfield code="2">ddc</subfield>
    <subfield code="4">0</subfield>
    <subfield code="7">0</subfield>
    <subfield code="a">MCS</subfield>
    <subfield code="b">MCS</subfield>
    <subfield code="c">GEN</subfield>
    <subfield code="d">2022-11-24</subfield>
    <subfield code="l">0</subfield>
    <subfield code="o">519.4,ELI</subfield>
    <subfield code="p">MCS37884</subfield>
    <subfield code="r">2022-11-24</subfield>
    <subfield code="w">2022-11-24</subfield>
    <subfield code="y">BK</subfield>
    <subfield code="z">Almirah No.14, Shelf No.4</subfield>
  </datafield>
</record>
